| 000 | 00555nam a2200181Ia 4500 | ||
|---|---|---|---|
| 999 |
_c21714 _d21714 |
||
| 003 | OSt | ||
| 005 | 20200625110546.0 | ||
| 008 | 190216s9999||||xx |||||||||||||| ||und|| | ||
| 020 | _a9789380607177 | ||
| 040 | _coclc | ||
| 082 |
_a954.0072 _bBHA/A |
||
| 100 |
_aBhattacharya, Sabyasachi _93077 |
||
| 245 | 0 |
_aApproaches To History Essays In Indian Historiography / _cSabyasachi Bhattacharya |
|
| 260 |
_bPrimus Books, _c2011. _aDelhi: |
||
| 300 | _a366p | ||
| 650 | _aHistory | ||
| 942 |
_cBK _2ddc _h954.0072 _iBHA/A _k954.0072 _mBHA/A |
||